Deutsche NFL-Spieler - Statistiken

Allgemein
  • Dieses Quiz wurde 157 mal gespielt
    33 seit der letzten Aktualisierung
  • Das Durchschnittsergebnis liegt bei 6 aus 19
Antwortstatistiken
Zeitraum Spiele Name % Korrekt
2013–2015 38 Björn Werner
87%
2009-2015 88 Sebastian Vollmer
84%
2021- 66 Amon-Ra St. Brown
81%
2018- 62 Equanimeous St. Brown
81%
2012–2015 39 Markus Kuhn
74%
2014-2018 62 Kasim Edebali
61%
2019- 70 Jakob Johnson
58%
2021-2022 2 Dominik Eberle
32%
2015-2021 56 Mark Nzeocha
23%
2024- 16 Brandon Coleman
19%
2022-2023 2 David Bada
16%
1986-1991 68 Markus Koch
6%
2005 1 Constantin Ritzmann
3%
2022- 9 Devery Hamilton
3%
1950-1963 173 Ernie Stautner
3%
1969-1977 121 Horst Mühlmann
3%
1969–1970 15 Karl Kremser
3%
1994–1998 6 Thorsten Samulewitz
3%
1979-1984 89 Uwe von Schamann
3%
Keine übereinstimmenden Quizze gefunden
Verteilung der Resultate
Anzahl Personen mit jedem Resultat
Perzentil nach korrekt beantworteten Fragen
Ihre Resultats-Entwicklung
Sie haben dieses Quiz seit der letzten Aktualisierung nicht gespielt